1642 1475 1551 1057 1397 1239 1596 1210 1817 1003 1205 1646 1738 1434 1052 1694 1038 1188 1418 1576 1511 1428 1188 1820 1531 1982 1458 1517 1506 1747 1315 1253 1609 1942 1687 1841 1332 1305 1907 1525 1949 1173 1134 1603 1643 1198 1790 1311 1893 1425 1770 1778 1535 1622 1207 1880 1654 1562 1744 1428 1515 1344 1078 1704 1908 1551 1394 1780 1410 1370 1550 1773 1302 1992 1500 1433 1046 1320 1433 1096 1152 1019 1976 1475 1202 1003 1095 1956 1110 1445 1366 1625 1657 1537 1969 1431 1279 1667 1250 BCNSPRNW ULIB Ver.6.0+V

เปลี่ยนเป็นภาษาไทย

Change to English
 แสดงรายละเอียดบรรณานุกรม
  กลับหน้าหลัก

Brief Record : Get Marc (ISO 2709) : E-mail record : QR code < ปิดหน้าต่าง
LEADER : 00000nam 2200000uu 4500
001    13399112840
003     ULIB
008    110913s2553||||th 000 0 tha d
020    9786169030348
090    นว.^bว679บ 2553
100 0  วิรมย์รดา
245 00 บัลลังก์เสน่หา/^cวิรมย์รดา
250    พิมพ์ครั้งที่ 1
260    กรุงเทพฯ :^bคูลแคท,^c2553
300    253 หน้า
710 1  คูลแคท
945    ^p179^l0^i17075
995    กัณชพร
999    ^aใช้งานได้ทุกระบบ
รายการนี้ยังไม่มีแท็ก
คุณยังไม่ได้ล็อกอิน คุณสามารถมีกิจกรรมร่วมกับเว็บไซต์ได้ แต่ต้องล็อกอินก่อน ::
  ล็อกอิน

รายการสื่อสารสนเทศ

ลำดับที่ ประเภท เลขเรียก/บาร์โค้ด สถานที่ สถานะ
1. นวนิยาย
นวนิยาย
นว. ว679บ 2553  
  Barcode: 17075
ห้องสมุดวิทยาเขตสวรรค์ประชารักษ์
►นวนิยาย
ถูกยืม กำหนดส่งวันที่ 7 พฤศจิกายน 2562
  จอง

BibComment


ยังไม่เคยถูกคอมเมนท์

คอมเมนท์ทรัพยากรรายการนี้
  คอมเมนท์: บัลลังก์เสน่หา วิ..


 Copyright 2026. Bcnsprnw @Library